000 00490nam a22001455i 4500
001 171452
003 ES-MaACL
005 20230906214634.0
008 090514s1950 sp |||| | cat d
100 1 _aSolá, Angeles.
_9140173
245 1 3 _aEl jardinet de Talía
_b: poesies, comedietes i un capitol dedicat a la dona /
_cper Angels Solá.
260 _aPalma de Mallorca :
_b[s.n.],
_c1950 (
_fImp. Mossén Alcover)
300 _a62 p. ;
_c17 cm.
852 _aES-MaACL
_j1919-F-4
_9R.30302
999 _c171452
_d171452